|
|
|
|
| LEADER |
00000nam0a2200000 4500 |
| 001 |
360624 |
| 005 |
20231102011315.0 |
| 035 |
|
|
|a (RuTPU)RU\TPU\retro\17950
|
| 090 |
|
|
|a 360624
|
| 100 |
|
|
|a 20210420d1973 k y0rusy50 ca
|
| 101 |
0 |
|
|a rus
|
| 102 |
|
|
|a RU
|
| 105 |
|
|
|a a z 101zy
|
| 200 |
1 |
|
|a Физико-технические исследования разработки и обогащения руд
|e материалы II конференции молодых ученых Сектора физико-технических горных проблем ИФЗ АН СССР (март 1972 г.)
|f Академия наук СССР, Институт физики Земли им. О. Ю. Шмидта
|
| 210 |
|
|
|a Москва
|c [Б. и.]
|d 1973
|
| 215 |
|
|
|a 184 с.
|c ил.
|
| 320 |
|
|
|a Библиография в конце статей
|
| 606 |
1 |
|
|a Рудные месторождения
|x Системы разработки
|x Горногеологические условия
|2 stltpush
|3 (RuTPU)RU\TPU\subj\25995
|9 50021
|
| 606 |
|
|
|a Руды
|x Обогащение
|2 stltpush
|3 (RuTPU)RU\TPU\subj\26130
|9 50128
|
| 606 |
1 |
|
|a Руды
|x Обогащение
|2 stltpush
|3 (RuTPU)RU\TPU\subj\26130
|9 50128
|
| 610 |
1 |
|
|a горные породы
|
| 610 |
1 |
|
|a разрушение
|
| 610 |
1 |
|
|a МПИ
|
| 610 |
1 |
|
|a месторождения полезных ископаемых
|
| 610 |
1 |
|
|a технология
|
| 610 |
1 |
|
|a исследование
|
| 610 |
1 |
|
|a конференции
|
| 675 |
|
|
|a 622.34:622.27
|v 4
|
| 675 |
|
|
|a 622.7:622.34
|v 4
|
| 712 |
0 |
2 |
|a Академия наук СССР
|b Институт физики Земли им. О. Ю. Шмидта
|c (Москва)
|c (1956-1991)
|2 stltpush
|3 (RuTPU)RU\TPU\col\209
|9 23276
|
| 712 |
1 |
2 |
|a Физико-технические исследования разработки и обогащения руд
|c конференция
|d 2
|e Москва
|f 1973
|
| 801 |
|
1 |
|a RU
|b 63413507
|c 20210420
|
| 801 |
|
2 |
|a RU
|b 63413507
|c 20210914
|g RCR
|
| 942 |
|
|
|c BK
|